[Event "AUT-chT2O 9899"]
[Site "Austria"]
[Date "1999.??.??"]
[Round "8"]
[White "Perndl, Johann"]
[Black "Simon, Walter"]
[Result "1/2-1/2"]
[WhiteElo "2185"]
[BlackElo "2070"]
[PlyCount "143"]
[EventDate "1998.10.??"]
[EventType "team-tourn"]
[EventRounds "11"]
[EventCountry "AUT"]
[SourceTitle "EXT 2000"]
[Source "ChessBase"]
[SourceDate "1999.11.16"]
[SourceVersion "1"]
[SourceVersionDate "1999.11.16"]
[SourceQuality "1"]

1. e4 e6 2. d4 d5 3. Nc3 Nf6 4. Bg5 dxe4 5. Nxe4 Be7 6. Bxf6 gxf6 7. Bd3 f5 8. Ng3 c5 9. Nf3 Nc6 10. dxc5 Bxc5 11. Qe2 Be7 12. 0-0 Bd7 13. Rad1 Qc7 14. Bb5 0-0-0 15. Rd3 a6 16. Ba4 Rhg8 17. Rfd1 Bf6 18. c4 Nb8 19. Bxd7+ Nxd7 20. b4 Ne5 21. Nxe5 Qxe5 22. Qxe5 Bxe5 23. Kf1 Rxd3 24. Rxd3 Rg4 25. Re3 Bg7 26. Nh5 Bh6 27. Rc3 Bd2 28. Rc2 Bxb4 29. g3 Be7 30. Nf4 Bd6 31. f3 Rg8 32. Nd3 Rd8 33. Ke2 Bc7 34. Nc5 Bb6 35. Nd3 Bd4 36. h3 Rg8 37. g4 fxg4 38. fxg4 h5 39. Kf3 hxg4+ 40. hxg4 Rh8 41. Ke4 Bg7 42. Rf2 Rd8 43. Ne5 f6 44. Nd3 f5+ 45. gxf5 exf5+ 46. Rxf5 Rd4+ 47. Ke3 Rxc4 48. Rc5+ Rxc5 49. Nxc5 b6 50. Nb3 Kd7 51. a4 Kc6 52. Kd3 Bf6 53. Kc4 Bb2 54. Nd4+ Bxd4 55. Kxd4 Kd6 56. Kc4 Ke5 57. Kc3 Kd5 58. Kd3 Ke5 59. Ke3 Kf5 60. Kd4 Ke6 61. Ke4 Kd6 62. Kd4 Kd7 63. Kd3 Kd6 64. Kd4 b5 65. axb5 axb5 66. Kc3 Kc5 67. Kb3 b4 68. Kb2 Kc4 69. Kc2 Kd4 70. Kb3 Kc5 71. Kb2 Kc4 72. Kc2 1/2-1/2

[Event "AUT-chT2O 9899"]
[Site "Austria"]
[Date "1999.??.??"]
[Round "9"]
[White "Simon, Walter"]
[Black "Kocsisek, Marcus"]
[Result "1/2-1/2"]
[WhiteElo "2070"]
[BlackElo "2080"]
[PlyCount "30"]
[EventDate "1998.10.??"]
[EventType "team-tourn"]
[EventRounds "11"]
[EventCountry "AUT"]
[SourceTitle "EXT 2000"]
[Source "ChessBase"]
[SourceDate "1999.11.16"]
[SourceVersion "1"]
[SourceVersionDate "1999.11.16"]
[SourceQuality "1"]

1. e4 Nf6 2. Nc3 d5 3. e5 Ne4 4. Nce2 d4 5. c3 Nc6 6. cxd4 Ng5 7. d3 Ne6 8. Nf3 Nexd4 9. Nexd4 Nxd4 10. Bd2 Nxf3+ 11. Qxf3 c6 12. Bc3 Be6 13. Be2 g6 14. Qg3 Bg7 15. f4 Qb6 1/2-1/2

[Event "AUT-chT2O 9798"]
[Site "Austria"]
[Date "1997.12.08"]
[Round "6"]
[White "Boehsmueller, Raimund"]
[Black "Simon, Walter"]
[Result "0-1"]
[WhiteElo "2175"]
[BlackElo "2070"]
[PlyCount "80"]
[EventDate "1997.??.??"]
[EventType "team-tourn"]
[EventRounds "13"]
[EventCountry "AUT"]
[SourceTitle "EXT 1999"]
[Source "ChessBase"]
[SourceDate "1998.11.16"]
[SourceVersion "1"]
[SourceVersionDate "1998.11.16"]
[SourceQuality "1"]

1. Nf3 Nf6 2. g3 g6 3. Bg2 Bg7 4. 0-0 0-0 5. c4 d6 6. d4 c6 7. Nc3 Bf5 8. h3 Ne4 9. Nxe4 Bxe4 10. b3 a5 11. Bb2 e6 12. Qd2 d5 13. Rfc1 Nd7 14. Ba3 Re8 15. Bd6 h6 16. c5 g5 17. a3 f6 18. b4 Nb6 19. cxb6 Qxd6 20. bxa5 e5 21. e3 Qd7 22. Qb4 Bf8 23. Qc3 Bd6 24. Nd2 Bxg2 25. Kxg2 e4 26. Rh1 Qg7 27. Nb3 f5 28. Nc5 Bxc5 29. Qxc5 Re6 30. h4 f4 31. Rag1 fxe3 32. fxe3 Rf6 33. h5 Qf7 34. Rf1 Rf8 35. Qc1 Rf2+ 36. Rxf2 Qxf2+ 37. Kh3 g4+ 38. Kh4 Qf6+ 39. Kxg4 Qf3+ 40. Kh4 Rf5 0-1

[Event "Vienna op-B"]
[Site "Vienna"]
[Date "1995.??.??"]
[Round "9"]
[White "Adlersburg, Peter"]
[Black "Simon, Walter"]
[Result "0-1"]
[WhiteElo "1820"]
[BlackElo "2030"]
[PlyCount "58"]
[EventDate "1995.??.??"]
[EventType "swiss"]
[EventRounds "9"]
[EventCountry "AUT"]
[SourceTitle "EXT 1998"]
[Source "ChessBase"]
[SourceDate "1997.11.17"]
[SourceVersion "1"]
[SourceVersionDate "1997.11.17"]
[SourceQuality "1"]

1. d4 e6 2. Nf3 f5 3. Nc3 Nf6 4. Bg5 Be7 5. Bxf6 Bxf6 6. e4 fxe4 7. Nxe4 0-0 8. h4 d5 9. Nxf6+ Qxf6 10. Qd2 c5 11. Qg5 cxd4 12. 0-0-0 Nc6 13. Bb5 a6 14. Bxc6 bxc6 15. Rxd4 c5 16. Rd2 h6 17. Qe5 a5 18. Qc7 c4 19. Ne5 a4 20. a3 Ba6 21. Rh3 Rfc8 22. Qd6 Rd8 23. Qc7 Rac8 24. Qb6 Qxe5 25. Qxa6 d4 26. Kd1 c3 27. bxc3 Rb8 28. Kc1 Qe1+ 29. Rd1 Rb1+ 0-1

[Event "Vienna op-B"]
[Site "Vienna"]
[Date "1995.??.??"]
[Round "2"]
[White "Murzek, Marion"]
[Black "Simon, Walter"]
[Result "0-1"]
[WhiteElo "1820"]
[BlackElo "2030"]
[PlyCount "84"]
[EventDate "1995.??.??"]
[EventType "swiss"]
[EventRounds "9"]
[EventCountry "AUT"]
[SourceTitle "EXT 1998"]
[Source "ChessBase"]
[SourceDate "1997.11.17"]
[SourceVersion "1"]
[SourceVersionDate "1997.11.17"]
[SourceQuality "1"]

1. e4 e6 2. d4 d5 3. exd5 exd5 4. Nf3 Bd6 5. Bd3 Ne7 6. 0-0 0-0 7. b3 f6 8. Bb2 Bg4 9. Nbd2 Qd7 10. c3 Nbc6 11. Qc2 Bf5 12. Rfe1 Rae8 13. Re2 Bxd3 14. Qxd3 Qf5 15. Qxf5 Nxf5 16. Rae1 Rxe2 17. Rxe2 Kf7 18. h3 b5 19. g4 Nfe7 20. Ne1 Ng6 21. Nd3 a5 22. a4 bxa4 23. bxa4 Rb8 24. Ba1 Nf4 25. Nxf4 Bxf4 26. Kg2 Ne7 27. Nf1 Bc1 28. Ne3 Bxe3 29. fxe3 Rb1 30. Bb2 Nc8 31. Ba3 Rb3 32. Bc5 Rxc3 33. Kf3 Rc4 34. Rb2 Ke6 35. Rb8 Kd7 36. Bf8 g6 37. Bg7 Rxa4 38. Bxf6 Ra1 39. Ke2 a4 40. Kd2 a3 41. Kc2 a2 42. Ra8 Rf1 0-1

[Event "Vienna op-B"]
[Site "Vienna"]
[Date "1995.??.??"]
[Round "3"]
[White "Simon, Walter"]
[Black "Schmaranzer, Alfred"]
[Result "1/2-1/2"]
[WhiteElo "2030"]
[BlackElo "1955"]
[PlyCount "78"]
[EventDate "1995.??.??"]
[EventType "swiss"]
[EventRounds "9"]
[EventCountry "AUT"]
[SourceTitle "EXT 1998"]
[Source "ChessBase"]
[SourceDate "1997.11.17"]
[SourceVersion "1"]
[SourceVersionDate "1997.11.17"]
[SourceQuality "1"]

1. b3 Nf6 2. f4 g6 3. Bb2 d5 4. Nf3 Bg7 5. e3 0-0 6. Be2 c5 7. c4 Nc6 8. cxd5 Nxd5 9. Bxg7 Kxg7 10. 0-0 Bf5 11. Qc1 Qd6 12. Nc3 Nxc3 13. Qxc3+ Kg8 14. Nh4 Bd7 15. Bc4 e6 16. g4 Ne7 17. Rf2 b5 18. Bf1 Nd5 19. Qb2 Nb4 20. f5 Nd3 21. Bxd3 Qxd3 22. Qf6 Rac8 23. Nf3 exf5 24. Ne5 Qd5 25. Nxd7 Qxd7 26. gxf5 Qd8 27. fxg6 hxg6 28. Qf4 c4 29. bxc4 bxc4 30. Rc1 Qd3 31. h4 Rc5 32. e4 c3 33. dxc3 Rxc3 34. Rxc3 Qxc3 35. h5 Qa1+ 36. Kh2 Qh8 37. h6 Qd4 38. Kg3 Kh7 39. Kg2 Rd8 1/2-1/2